000 01712nam a2200241Ii 4500
008 221202s xx 000 0 und d
100 1 _aJones, Matthew,
_eauthor
245 0 _aScience Fiction Cinema and 1950s Britain
246 _aRecontextualising the Golden Age
264 1 _aNew York, London
_bBloomsbury Academic
_c2017
300 _a1 online resource
336 _atext
_btxt
_2rdacontent
337 _acomputer
_bc
_2rdamedia
338 _aonline resource
_bcr
_2rdacarrier
520 _aFor the last fifty years, discussion of 1950s science fiction cinema has been dominated by the view that the genre reflected US paranoia about Soviet brainwashing and the nuclear bomb. However, classic films, such as Invasion of the Body Snatchers (1956) and It Came from Outer Space (1953), were regularly exported to countries across the world. The histories of their encounters with foreign audiences have not yet been told. Science Fiction Cinema and 1950s Britain begins this task by recounting the story of 1950s British cinema-goers and the aliens and monsters they watched on the silver screen. Drawing on extensive archival research, Matthew Jones makes an exciting and important intervention in the field by locating 1950s American science fiction films alongside their domestic counterparts in their British contexts of release and reception.
653 _aMedia & Communications
653 _aMedia Studies
653 _aNuclear Technology
653 _aScience Fiction
653 _aScience Fiction Film
856 _uhttps://docs.google.com/spreadsheets/d/1yKIrdCPDAG_9c22mwoOIO2DOhtj65Wqa/edit?usp=sharing&ouid=106555315294820607512&rtpof=true&sd=true
_yList of Curated E-Books
942 _cE-BOOK
999 _c96437
_d96434